| 000 | 00409 a2200157 4500 | ||
|---|---|---|---|
| 005 | 20250505133708.0 | ||
| 020 | _a0-13-255317-1 | ||
| 082 | _a LECT 004.6 TAN | ||
| 100 | _aTANENBAUM, A. S. | ||
| 245 | _aComputer Networks | ||
| 250 | _a5th Ed. | ||
| 260 |
_aBoston, _bPearson, _c2011. |
||
| 300 |
_a951p,: ill.; figure, table. _bBibliography & Index. _c23cm. |
||
| 700 | _aWETHERALLA, D. J. | ||
| 942 |
_2ddc _cBKS |
||
| 999 |
_c1887 _d1887 |
||